MST3K Follow That Line: Being From Another Planet Quiz Stats

 Plays Quiz not verified by Sporcle

Score 0/20 Timer 06:00
0 Plays Today
% Correct
Honk if you hate this film!
98%
I predict her career will go nowhere.
97.4%
And certainly not the audience.
96.7%
I get paid anyway.
96.7%
And don't wash a red towel in a white load.
96.7%
Ah, they picked him out of nowhere.
96.1%
I'll search every underwear drawer on sorority row.
96.1%
And I'm naked.
96.1%
Like a lady?
96.1%
Puking her guts out.
96.1%
% Correct
No, that's why I wet myself.
95.4%
They're real sexy.
95.4%
I've got a date with Professor McCadden.
94.7%
That's a shame, he had tenure too.
94.7%
Take that back or I'll squirt you with my flower.
94.1%
So he's going to be crabby.
93.4%
Oh, water, fire, air.
93.4%
Meanwhile, at the Kennedy compound...
92.8%
You want to help me do things right?
91.4%
Oh, there's Pete Duel.
80.9%

You're not logged in!

Compare scores with friends on all Sporcle quizzes.
Join for Free
OR
Log In

You Might Also Like...

Show Comments

Extras

Top Quizzes Today


Score Distribution

Your Account Isn't Verified!

In order to create a playlist on Sporcle, you need to verify the email address you used during registration. Go to your Sporcle Settings to finish the process.

Report this User

Report this user for behavior that violates our Community Guidelines.

Details: